Obiekty światowego dziedzictwa UNESCO w Polsce - Quiz na mapie - Statystyki

Ogólne statystyki
  • Ten quiz został rozwiązany 206 razy
  • Średni wynik to 14 z 17
Odpowiedzi na mapie
Odpowiedzi zakodowano w zielono-czerwonej skali na mapie do tego quizu, zgodnie z poniższymi procentami.
 
Statystyki odpowiedzi
Odpowiedź % Poprawnych
Zamek krzyżacki w Malborku
92%
Historyczne centrum Warszawy
91%
Puszcza Białowieska
89%
Kościoły Pokoju w Jaworze i Świdnicy
88%
Muskauer Park/Park Mużakowski
88%
Średniowieczne miasto w Toruniu
88%
Hala Stulecia we Wrocławiu
84%
Auschwitz-Birkenau
83%
Historyczne centrum Krakowa
80%
Stare Miasto w Zamościu
80%
Drewniane cerkwie w polskim i ukraińskim regionie Karpat
79%
Kościoły drewniane południowej Małopolski
75%
Królewskie Kopalnie Soli w Wieliczce i Bochni
75%
Kopalnia rud ołowiu, srebra i cynku w Tarnowskich Górach
71%
Kalwaria Zebrzydowska: manierystyczny zespół architektoniczny i krajobrazowy
69%
Krzemionkowski region pradziejowego górnictwa krzemienia pasiastego
69%
Pradawne i pierwotne lasy bukowe Europy
61%
Nie znaleziono quizów pasujących do podanych kryteriów
Rozkład punktacji
Procent ludzi z każdym wynikiem
Percentyl według liczby udzielonych odpowiedzi
Twoja historia wyników
Nie rozwiązałeś tego quizu